100 squadre più forti d'europa 2024 (calcio) - Statistics

Statistiche generali
  • Questo quiz è stato fatto 1.812 volte
  • Il punteggio medio è 46 su 100
Statistiche sulle risposte
Campionato Squadra % Corretto
Ligue 1 McDonalds (Fra) Olympique Lione
99%
Serie A (ita) Inter
98%
Premier League (ing) Manchester City
98%
Serie A (ita) Juventus
97%
Premier League (ing) Manchester United
97%
Serie A (ita) Milan
97%
Ligue 1 McDonalds (Fra) Olympique Marsiglia
96%
La Liga (spa) Real Madrid
94%
Serie A (ita) Lazio
93%
Premier League (ing) Liverpool
93%
La Liga (spa) Barcellona
92%
La Liga (Spa) Real Betis
92%
La Liga (spa) Real Socidedad
92%
Premier League (ing) Chelsea
90%
Serie A (ita) Atalanta
89%
Serie A (ita) Napoli
89%
Serie A (ita) Fiorentina
88%
Premier League (ing) Arsenal
86%
La Liga (spa) Atletico Madrid
85%
Bundesliga (Ger) Bayern Monaco
85%
Ligue 1 McDonalds (Fra) Paris Saint Germain
84%
Serie A (ita) Roma
81%
Premier League (ing) Totthenam
80%
Bundesliga (Ger) Borussia Dortmund
79%
Liga Portugal (Port) Porto
74%
Eredivisie (Ola) Ajax
73%
Liga Portugal (Port) Benfica
70%
Super Lig (Tur) Galatasaray
70%
Liga Portugal (Port) Sporting Lisbona
69%
Premier League (ing) Aston Villa
68%
Eredivisie (Ola) Psv
66%
Bundesliga (Ger) Bayer Leverkusen
64%
La Liga (spa) Siviglia
62%
Super Lig (Tur) Fenerbahce
60%
La Liga (Spa) Athletic Bilbao
58%
Scottish Premiership (Sco) Celtic Glasgow
54%
VBet Premjer-Liha (Ucraina) FC Dinamo Kyev
54%
Scottish Premiership (Sco) Glasgow Rangers
51%
Super Lig (Tur) Besiktas
50%
Ligue 1 McDonalds (Fra) Monaco
50%
Premier League (ing) West Ham
50%
La Liga (spa) Villareal
49%
Ligue 1 McDonalds (Fra) Lille
46%
Chance Liga (Rep.Ceca) AC Sparta Praga
43%
Bundesliga O (Austria) RB Salisburgo
42%
Superliga Greca (Grecia) AEK Atene
41%
Superliga (Svizzera) Young Boys
41%
VBet Premjer-Liha (Ucraina) FC Shakhtar Donetsk
40%
La Liga (spa) Girona
39%
Liga Portugal (Port) Braga
38%
1. HNL (Croazia) Dinamo Zagabria
38%
Superliga Greca (Grecia) Panathinaikos Atene
38%
Eredivisie (Ola) Feyenord
37%
Pro Liga (Belgio) Club Brugge
36%
Bundesliga (Ger) Eintracht Francoforte
36%
Premier League (ing) Brighton
35%
Chance Liga (Rep.Ceca) SK Slavia Praga
35%
Pro Liga (Belgio) RSC Anderlecht
34%
Bundesliga (Ger) Stoccarda
33%
Superliga (Svizzera) Basilea
32%
Ligue 1 McDonalds (Fra) OGC Nizza
31%
SuperLiga (Serbia) Stella Rossa
31%
Superligaen (Danimarca) FC Copenaghen
30%
Ligue 1 McDonalds (Fra) Lens
28%
Superliga Greca (Grecia) Olympiacos Pireo
28%
Allsvenskan (Svezia) Malmo FF
27%
Bundesliga (Ger) Wolfsburg
27%
Eliteserien (Norvegia) Bodo Glimt
26%
Pro Liga (Belgio) KRC Genk
26%
Superliga Greca (Grecia) PAOK
23%
Ligue 1 McDonalds (Fra) Rennes
23%
SuperLiga (Romania) FCSB Steaua Bucarest
22%
Eredivisie (Ola) FC Twente
20%
Bundesliga (Ger) Friburgo
20%
Niké Liga (Slovacchia) Slovan Bratislava
20%
Bundesliga (Ger) Hoffenheim
18%
Bundesliga (Ger) RB Lipsia
18%
Chance Liga (Rep.Ceca) FC Viktoria Plzen
17%
Pro Liga (Belgio) Royal Anversa FC
17%
Cypriot First Divison (Cipro) Apoel Nicosia FC
16%
Liga Portugal (Port) Vitòria S.C.
16%
Ekstraklasa (Polonia) Legia Varsavia
15%
Bundesliga O (Austria) SK Strum Graz
15%
SuperLiga (Romania) FC Cluj
14%
OTP Bank Liga (Ungheria) Ferencvaros TC
14%
1. HNL (Croazia) Hajudk Spalato
13%
Veikkausliiga (Finlandia) HJK Helsinki
13%
Liga Premier (Azerbaijan) Qarabag FK
13%
Eliteserien (Norvegia) Molde FK
12%
Bundesliga O (Austria) LASK
9%
Eliteserien (Norvegia) Rosenborg BK
9%
Super Lig (Tur) Trabzonspor
8%
Super Lig (Tur) Istanbul Basaksehir
7%
Premier League Professional (Bulgaria) Ludogorets Razgrad
7%
Pro Liga (Belgio) Standard Liegi
7%
Bundesliga (Ger) Heidenheim
6%
Superliga (Svizzera) Servette Fc
6%
Ligue 1 McDonalds (Fra) Stade Brestois
3%
Bundesliga O (Austria) Wolfsberger AC
2%
Superligaen (Danimarca) FC Midtjylland
1%
Nessun quiz corrispondente trovato
Distribuzione punteggi
Percentuale di utenti per punteggio
Percentile per numero di risposta
I tuoi punteggi nel tempo
Non hai fatto questo quiz